عرض عادي عرض مارك
  • أحمد، أحمد يوسف حافظ

مدخل إسم شخص

عدد التسجيلات المستخدمة في: 1

001 - رقم الضبط

  • حقل الضبط: 22167

003 - معرف رقم الضبط

  • حقل الضبط: OSt

005 - تاريخ ووقت أخر عملية

  • حقل الضبط: 20130304120300.0

008 - عناصر بيانات ثابتة الطول

  • حقل تحكم ثابت الطول: 130304|||a|||||| | ||| d

040 ## - مصدر الفهرسة

  • هيئة الفهرسة الأصلية: OSt
  • وكالة الكتابة: OSt

100 ## - مدخل -- أسم شخص

  • إسم شخص: أحمد، أحمد يوسف حافظ

670 ## - بيانات المصدر موجوده

  • الاستشهاد بالمصدر: Work cat.: (OSt): أحمد، أحمد يوسف حافظ, النشر الإلكتروني ومشروعات المكتبات الرقمية العالمية والدور العربي في رقمنة وحفظ التراث الثقافي /, 2013